| 000 -LEADER |
| fixed length control field |
01060nam a22002177a 4500 |
| 001 - CONTROL NUMBER |
| control field |
21464 |
| 003 - CONTROL NUMBER IDENTIFIER |
| control field |
BD-DhUAP |
| 005 - DATE AND TIME OF LATEST TRANSACTION |
| control field |
20220109182126.0 |
| 008 - FIXED-LENGTH DATA ELEMENTS--GENERAL INFORMATION |
| fixed length control field |
220109b2013 bg |||| |||| 000 0 bg d |
| 020 ## - INTERNATIONAL STANDARD BOOK NUMBER |
| International Standard Book Number |
9847012401750 |
| 040 ## - CATALOGING SOURCE |
| Original cataloging agency |
BD-DhUAP |
| Language of cataloging |
ben |
| Transcribing agency |
BD-DhUAP |
| Modifying agency |
BD-DhUAP |
| Description conventions |
BD-DhUAP |
| 082 ## - DEWEY DECIMAL CLASSIFICATION NUMBER |
| Edition number |
23 |
| Classification number |
323.01 HOS |
| 100 ## - MAIN ENTRY--PERSONAL NAME |
| Personal name |
হোসেন ,আবু মো: দেলোয়ার |
| 245 ## - TITLE STATEMENT |
| Title |
বঙ্গবন্ধুর মানবাধিকার-দর্শন : |
| Remainder of title |
বক্তৃতার সারসংক্ষেপ ও সংবাদ-ভাষ্য / |
| Statement of responsibility, etc. |
আবু মো: দেলোয়ার হোসেন |
| 260 ## - PUBLICATION, DISTRIBUTION, ETC. |
| Place of publication, distribution, etc. |
ঢাকা : |
| Name of publisher, distributor, etc. |
জাতীয় মানবাধিকার কমিশন, |
| Date of publication, distribution, etc. |
২০১৩ । |
| 300 ## - PHYSICAL DESCRIPTION |
| Extent |
[২৭], ৩৬০ পৃ. ; |
| Dimensions |
২২ সেমি. |
| 504 ## - BIBLIOGRAPHY, ETC. NOTE |
| Bibliography, etc. note |
তথ্যসূত্র সংবলিত |
| 650 ## - SUBJECT ADDED ENTRY--TOPICAL TERM |
| Topical term or geographic name entry element |
Human Right |
| General subdivision |
Philosophy |
| 700 ## - ADDED ENTRY--PERSONAL NAME |
| Personal name |
হোসেন, আবু মো: দেলোয়ার |
| Relator term |
সম্পাদক এবং সংকলক |
| 942 ## - ADDED ENTRY ELEMENTS (KOHA) |
| Source of classification or shelving scheme |
|
| Koha item type |
Book |